Southville International School and Colleges
Your cart is empty.
  • Cart
  • Lists
    Public lists Eva Luna New books Lux_list list_1
    Your lists Log in to create your own lists
  • Log in to your account
  • Your cookies
  • Search history
Southville International School and Colleges
  • Advanced search
  • Recent comments
  • Most popular
  • Libraries

Log in to your account

Log in with GOOGLE


If you do not have an external account, but do have a local account, you can still log in:

  1. Home
  2. MARC view: The Business plan approved! /
Normal view MARC view ISBD view

The Business plan approved! / (Record no. 115544)

[ view plain ]
MARC details
000 -LEADER
fixed length control field 00473nam a22001697a 4500
003 - CONTROL NUMBER IDENTIFIER
control field OSt
005 - DATE AND TIME OF LATEST TRANSACTION
control field 20140428155444.0
008 - FIXED-LENGTH DATA ELEMENTS--GENERAL INFORMATION
fixed length control field 140428b xxu||||| |||| 00| 0 eng d
020 ## - INTERNATIONAL STANDARD BOOK NUMBER
International Standard Book Number 0566074532
050 ## - LIBRARY OF CONGRESS CALL NUMBER
Classification number HD 30.28
Item number .C678 1997
100 ## - MAIN ENTRY--PERSONAL NAME
Personal name Cohen, G. Nigel
245 ## - TITLE STATEMENT
Title The Business plan approved! /
Statement of responsibility, etc (G Nigel Cohen), Vandenburghs Chartered Accountants.
260 ## - PUBLICATION, DISTRIBUTION, ETC. (IMPRINT)
Place of publication, distribution, etc USA :
Name of publisher, distributor, etc Gower,
Date of publication, distribution, etc 1997.
300 ## - PHYSICAL DESCRIPTION
Extent vii, 178 p. :
Dimensions 24 cm.
942 ## - ADDED ENTRY ELEMENTS (KOHA)
Source of classification or shelving scheme Library of Congress Classification
Koha item type Books

No items available.

The Business plan approved! /

APA

Cohen G. N., . (1997). The Business plan approved!. USA: Gower.

Chicago

Cohen G Nigel, . 1997. The Business plan approved!. USA: Gower.

Harvard

Cohen G. N., . (1997). The Business plan approved!. USA: Gower.

MLA

Cohen G Nigel, . The Business plan approved!. USA: Gower. 1997.

  • Print
  • Cite
  • Add to your cart (remove)
  • Save record
    BIBTEX Dublin Core MARCXML MARC (non-Unicode/MARC-8) MARC (Unicode/UTF-8) MARC (Unicode/UTF-8, Standard) MODS (XML) RIS
  • More searches
    Search for this title in:
    Other Libraries (WorldCat) Other Databases (Google Scholar) Online Stores (Bookfinder.com) Open Library (openlibrary.org)

Exporting to Dublin Core...

SOUTHVILLE LIBRARY

Southville International School and Colleges Library

1281 Tropical Ave. Cor. Luxembourg St., BF Homes International, Las Pinas City

Tel. No. 8256374 / 252358 Loc. 117/146

Powered by Koha